Postavenie rímskeho práva v socialistickej spoločnosti a fenomén socialistickej právnej romatiky
Vzťah rímskeho práva a socializmu v teoretickej rovine. Štyri teórie o pozícii rímskeho práva v socialistickej spoločnosti. Štúdium rímskeho práva na právnických fakultách v období socializmu. Charakteristika socialistickej právnej romantiky.
Saved in:
| Main Author: | |
|---|---|
| Format: | Book Chapter |
| Language: | Slovak |
| Subjects: | |
| Tags: |
No Tags, Be the first to tag this record!
|
MARC
| LEADER | 00000naa a2200000 4500 | ||
|---|---|---|---|
| 001 | 0240832 | ||
| 005 | 20180305065310.1 | ||
| 041 | 0 | |a slo | |
| 044 | |a SK | ||
| 245 | 1 | 0 | |a Postavenie rímskeho práva v socialistickej spoločnosti a fenomén socialistickej právnej romatiky |c Martin Gregor |
| 520 | |a Vzťah rímskeho práva a socializmu v teoretickej rovine. Štyri teórie o pozícii rímskeho práva v socialistickej spoločnosti. Štúdium rímskeho práva na právnických fakultách v období socializmu. Charakteristika socialistickej právnej romantiky. | ||
| 610 | 2 | 0 | |a teórie právne |
| 610 | 2 | 0 | |a história |
| 610 | 2 | 0 | |a socializmus |
| 100 | 1 | |a Gregor, Martin | |